RESEARCH METHODS AND STATISTICS (Record no. 216840)

MARC details
000 -LEADER
fixed length control field 00481nam a22001817a 4500
008 - FIXED-LENGTH DATA ELEMENTS--GENERAL INFORMATION
fixed length control field 260318b |||||||| |||| 00| 0 eng d
020 ## - INTERNATIONAL STANDARD BOOK NUMBER
International Standard Book Number 13:978-93-6053-692-3
050 ## - LIBRARY OF CONGRESS CALL NUMBER
Classification number BF 76.5 .J33 2016
100 ## - MAIN ENTRY--PERSONAL NAME
Personal name JACKSON SHERRI L
245 ## - TITLE STATEMENT
Title RESEARCH METHODS AND STATISTICS
250 ## - EDITION STATEMENT
Edition statement 5th
260 ## - PUBLICATION, DISTRIBUTION, ETC.
Place of publication, distribution, etc. AUSTRALIA
Name of publisher, distributor, etc. CENGAGE
Date of publication, distribution, etc. 2016
300 ## - PHYSICAL DESCRIPTION
Extent XD,508
500 ## - GENERAL NOTE
General note INCLUDES AN INDEX
650 ## - SUBJECT ADDED ENTRY
Topical term or geographic name entry element PSYCHOLOGY-RESEARCH METHODOLOGY
942 ## - ADDED ENTRY ELEMENTS (KOHA)
Source of classification or shelving scheme Library of Congress Classification
Koha item type Long Loan Book
Holdings
Withdrawn status Lost status Source of classification or shelving scheme Damaged status Not for loan Collection Home library Current library Shelving location Date acquired Inventory number Total checkouts Full call number Barcode Date last seen Copy number Price effective from Koha item type
    Library of Congress Classification     Arts & Social Sciences Kisii University Library Kisii University Library On Display 03/18/2026 112420   BF 76.5 .J33 2016 A001081 03/18/2026 C.4 03/18/2026 Long Loan Book
    Library of Congress Classification     Arts & Social Sciences Kisii University Library Kisii University Library On Display 03/18/2026 112419   BF 76.5 .J33 2016 A001082 03/18/2026 C.3 03/18/2026 Long Loan Book
    Library of Congress Classification     Arts & Social Sciences Kisii University Library Kisii University Library On Display 03/18/2026 112418   BF 76.5 .J33 2016 A001079 03/18/2026 C.2 03/18/2026 Long Loan Book
    Library of Congress Classification     Arts & Social Sciences Kisii University Library Kisii University Library On Display 03/18/2026 112417   BF 76.5 .J33 2016 A001080 03/18/2026 C.1 03/18/2026 Long Loan Book